| 000 | 01362nam0a22002531 4500 | ||
|---|---|---|---|
| 001 | rc\1090541 | ||
| 005 | 20041126173826.8 | ||
| 035 | _a(NLR Aleph) 006337454 | ||
| 090 |
_a7609164 _c7609164 |
||
| 100 | _a20041126d1984 u |0rusy50 ca | ||
| 101 | 0 | _arus | |
| 102 | _aRU | ||
| 105 | _ay ||||||||| | ||
| 200 | 1 |
_aОсуществление межпредметных связей в процессе преподавания технологии отделочных работ, материаловедения и химии в средних профтехучилищах _e(На примере подгот. маляров-штукатуров) _eМетод. рекомендации _fГос. ком. СССР по проф.-техн. образованию, ВНИИ проф.-техн. образования _g[Разраб. к. п. н. Э.Н. Кирикилицей и Л.Д. Емельяненко] |
|
| 210 |
_aЛ. _cВНИИпрофтехобразования _d1984 |
||
| 215 |
_a65 с. _d20 |
||
| 320 | _aБиблиогр.: с. 63-64 | ||
| 702 | 1 |
_aКирикилица _bЭ. Н. _gЭлеонора Николаевна _4570 |
|
| 712 | 0 | 2 |
_aВНИИ проф.- техн. образования _cЛенинград _3RU\NLR\AUTH\8810015015 |
| 801 | 0 |
_aRU _bNLR _gpsbo |
|
| 801 | 1 |
_aRU _bELAR _2rusmarc |
|
| 852 |
_aNLR _j85-6/12 |
||
| 942 | _cBOOK | ||
| 980 | _aNB | ||